Şamdancı / (Record no. 13172)
[ view plain ]
| 000 -BAŞLIK | |
|---|---|
| Sabit Uzunlukta Kontrol Alanı | 00909nam a22002417a 4500 |
| 999 ## - SİSTEM KONTROL NUMARALARI (KOHA) | |
| Koha Biblionumber | 13172 |
| Koha Biblioitemnumber | 13172 |
| 003 - KONTROL NUMARASI IDENTIFIER | |
| Denetim Alanı | MIRAKIL |
| 005 - SON İŞLEM TARİHİ VE ZAMANI | |
| Denetim Alanı | 20190418122955.0 |
| 008 - SABİT-BOY VERİ ELEMANLARI - GENEL BİLGİLER | |
| Sabit Uzunlukta Kontrol Alanı | 190418b tu ||||| |||| 00| 0 tur d |
| 020 ## - ULUSLARARASI STANDART KİTAP NUMARASI | |
| Uluslararası Standart Kitap Numarası | 9786053325772 |
| 040 ## - KATALOGLAMA KAYNAK | |
| Orijinal Kataloglama Ajansı | TR-AnCHP |
| Metne Dönüştürmek Ajansı | TR-AnCHP |
| 041 ## - DİL KODU | |
| Metin / Ses Parça Veya Ayrı Başlığın Dil Kodu | tur |
| 082 ## - DEWEY ONLU SINIFLANDIRMA NUMARASI | |
| Sınıflandırma Numarası | 842.7 |
| Ürün Numarası | M87ş 2015 |
| 100 ## - ANA GİRİŞ - KİŞİSEL İSİM | |
| Kişisel Ad | Musset, Alfred de |
| Bir Adıyla İlişkilendirilen Tarihler | 1810-1857 |
| 245 10 - BAŞLIK TABLOSU | |
| Başlık | Şamdancı / |
| Sorumluluk Tablosu, Vb | Musset, Alfred de ; Fransızca aslından çeviren: Bedrettin Tuncel , Sabahattin Eyüboğlu |
| 260 ## - YAYIN, DAĞITIM, VB | |
| Yayın, Dağıtım, Vb Yeri | İstanbul : |
| Yayıncı, Dağıtıcı, Vs Adı | Türkiye İş Bankası Kültür Yayınları, |
| Yayın, Dağıtım, Vb Tarihi | 2015. |
| 300 ## - FİZİKSEL TANIM | |
| Kapsam | 86 s. ; |
| Boyutlar | 22 sm. |
| 490 0# - SERİSİ TABLOSU | |
| Seri Beyanı | Türkiye İş Bankası Kültür Yayınları ; |
| -- | Hasan Âli Yücel klasikler dizisi ; |
| Hacim / Ardışık Tanımı | Genel yayın : 3405. |
| Uluslararası Standart Süreli Yayın Numarası | 265. |
| 500 ## - GENEL NOT | |
| Genel Not | Özgün yapıtadı: Le chandelier. |
| 650 #0 - KONU KATMA GİRİŞ - TOPİKAL DÖNEM | |
| 9 (RLIN) | 5051 |
| Topikal Süreli Veya Coğrafi Ad Giriş Elemanı | Fransız Edebiyatı |
| Genel Alt Bölümü | tiyatro |
| 700 ## - KATMA GİRİŞ - KİŞİSEL İSİM | |
| 9 (RLIN) | 5638 |
| Kişisel Ad | Tuncel, Bedrettin |
| Relator Terim | çev. |
| 700 1# - KATMA GİRİŞ - KİŞİSEL İSİM | |
| 9 (RLIN) | 3362 |
| Kişisel Ad | Eyuboğlu, Sabahattin |
| Relator Terim | çev. |
| 942 ## - EKLENDİ GİRİŞ ELEMANLARI (KOHA) | |
| Sınıflandırma Veya Raf Düzeni Kaynak | Dewey Decimal Classification |
| Koha Öğesi Türü | Books |
| Kalıcı Konum | Mevcut Konum | Edinme Tarihi | Toplam Check-Out'Lar | Tam Çağrı Numarası | Barkod | Tarih Son Görülme | İtibaren Geçerli Fiyatlar | Koha Öğesi Türü |
|---|---|---|---|---|---|---|---|---|
| CHP Kütüphanesi | CHP Kütüphanesi | 04/18/2019 | 842.7 M87ş 2015 | 004676 | 04/18/2019 | 04/18/2019 | Books |
